Most Dangerous Countries - Statistics

General Stats
  • This quiz has been taken 75 times
    60 since last reset
  • The average score is 15 of 20
Answer Stats
Hint Answer % Correct
3.585 Afghanistan
96%
3.600 Syria
96%
3.425 Iraq
95%
3.155 Sudan
88%
3.079 Pakistan
86%
3.251 DR Congo
84%
3.262 Libya
84%
3.305 Yemen
81%
3.367 Somalia
79%
3.508 South Sudan
79%
3.160 Russia
77%
2.950 North Korea
75%
2.873 Nigeria
74%
2.764 Israel
72%
2.778 Lebanon
68%
2.898 Turkey
68%
2.729 Colombia
58%
2.686 Mali
58%
3.113 Ukraine
58%
3.236 Central African Republic
54%
No matching quizzes found
Score Distribution
Percent of People with Each Score
Percentile by Number Answered
Your Score History
You have not taken this quiz since the last reset